000 00251nam a22001097a 4500
008 160519b xxu||||| |||| 00| 0 eng d
020 _a067520886601
041 _aeng
080 _a553
245 _aGeneral geology:
_cRobert J. Foster;
942 _2udc
_cBK
999 _c2272
_d2272